LEADER 01131nam--2200361---450- 001 990001125590203316 005 20090518171154.0 010 $a84-7676-473-1 035 $a000112559 035 $aUSA01000112559 035 $a(ALEPH)000112559USA01 035 $a000112559 100 $a20030117d1998----km-y0enga50------ba 101 0 $aspa 102 $aES 105 $ay|||z|||001yy 200 1 $a<> responsabilidad penal de la personas jurídica$fSilvina Bacigalupo 210 $aBarcelona$cBosch$dcopyr. 1998 215 $a445 p.$d22 cm 606 0 $aPersone giuridiche$xResponsabilita penale 676 $a345.45088 700 1$aBACIGALUPO,$bSilvina$0554700 801 0$aIT$bSalbc$cISBD 912 $a990001125590203316 951 $aXXVI.1.G 26 (IG XI 770)$b34796 G$cXXVI.1.G 26 (IG XI)$d00094571 959 $aBK 969 $aGIU 979 $aPATRY$b90$c20030117$lUSA01$h0930 979 $aCHIARA$b90$c20030404$lUSA01$h1107 979 $aPATRY$b90$c20040406$lUSA01$h1718 979 $aRSIAV1$b90$c20090518$lUSA01$h1711 996 $aResponsabilidad penal de la personas jurídica$9981924 997 $aUNISA LEADER 01013nam a2200277 i 4500 001 991001307489707536 005 20020502190527.0 008 990507s1997 it ||| | ita 020 $a8822118782 035 $ab11493732-39ule_inst 035 $aPRUMB58582$9ExL 040 $aDip. SSSC$bita 082 0 $a371.37 100 1 $aCorrà, Loredana$0469416 245 10$aMaxima debetur puero reverentia :$besperienze di interazione verbale in classe /$ca cura di Loredana Corrà e Valter Deon 260 $aScandicci :$bLa nuova Italia,$c1997 300 $aXXII, 223 p. ;$c21 cm. 650 4$aDiscussione$xImpiego didattico 650 4$aLinguaggio - Insegnamento 700 1 $aDeon, Valter 907 $a.b11493732$b02-04-14$c01-07-02 912 $a991001307489707536 945 $aLE021 DI8D11$g1$i2021000034756$lle021$o-$pE0.00$q-$rl$s- $t0$u0$v0$w0$x0$y.i11686315$z01-07-02 996 $aMaxima debetur puero reverentia$9213009 997 $aUNISALENTO 998 $ale021$b01-01-99$cm$da $e-$fita$git $h0$i1